[Event "African Online-ch U20-Open 2021"]
[Site "Online"]
[Date "2021.02.01"]
[Round "2.2"]
[White "Lutuima, Amaro"]
[Black "van der Merwe, Alexander"]
[Result "1-0"]
[WhiteElo "2050"]
[BlackElo "1655"]
[Annotator "TA"]
[PlyCount "111"]
[EventDate "2021.02.01"]
[EventType "swiss"]
[EventCountry "NET"]
[SourceTitle "playchess.com"]
[Source "ChessBase"]
[SourceQuality "1"]

{[%evp 9,111,3,10,10,12,16,14,0,23,1,12,7,80,8,8,4,18,21,22,8,26,-8,31,0,0,-9,-9,-7,5,-12,1,-36,-31,-25,-28,-33,108,112,343,355,347,339,359,266,412,121,121,119,111,108,210,208,238,172,337,293,287,257,380,372,396,378,898,710,705,692,1320,0,0,0,191,180,369,162,331,0,0,0,573,539,488,326,314,218,690,691,611,378,645,624,29981,29982,29989,29990,29990,29991,29993,29992,29992,29993,29993,29994,29994,29994]} 1. e4 c5 2. Nf3 d6 3. Bb5+ Nd7 4. O-O a6 5. Bc4 e6 6. a4 {B51: Sicilian: Moscow Variation (3 Bb5+) without 3...Bd7.} Ngf6 7. Re1 Be7 8. c3 {The position is equal.} Qc7 {[#]} 9. Na3 $146 ({Predecessor:} 9. Qe2 O-O 10. Bb3 b6 11. d4 Bb7 12. Nbd2 e5 13. d5 g6 14. Nf1 b5 15. c4 {½-½ (39) Rosenthal,N (2136)-Kavutskiy,K (2332) Saint Louis 2016}) 9... b6 10. d4 Bb7 (10... O-O $11) 11. Bd3 (11. d5 $16) 11... O-O $11 12. Bg5 h6 13. Bh4 Rfe8 14. Rc1 Nf8 15. Nc4 {[%cal Ba3c4,Bc4d2,Bd2f1][%mdl 32]} Rad8 16. Ncd2 Ng6 17. Bg3 Nh5 18. Nf1 Qb8 19. Qd2 Qa8 20. Re2 Bc6 21. b3 Qb7 22. Rce1 Ra8 (22... Bf6 $15) 23. d5 $1 $16 {[%cal Rd5c6]} exd5 (23... Bd7 $16) 24. exd5 $18 Bxd5 25. Bxg6 Nxg3 26. hxg3 (26. Rxe7 Rxe7 27. Rxe7 Qxe7 $11) 26... Bxf3 {[#]} (26... Bxb3 $142 27. Bc2 Bxc2) 27. Rxe7 $1 {[%mdl 512]} Rxe7 $16 28. Rxe7 Qxe7 29. gxf3 Rd8 (29... Qg5 $16 {was worth a try.}) 30. Be4 $18 Qe5 31. c4 b5 $2 (31... Qd4 32. Qc1 Re8) 32. axb5 ({Don't play} 32. cxb5 $6 axb5 33. axb5 d5 $18) 32... axb5 33. Qa5 $40 {[%mdl 128] White attacks with force.} Rb8 (33... Rf8 $142 34. Qxb5 h5) 34. Qc7 Re8 35. Bc6 Re7 $2 (35... d5 36. Qxe5 Rxe5) 36. Qc8+ Kh7 37. cxb5 Qe1 {intending ...Re2.} 38. b6 $2 (38. Be4+ $18 Rxe4 39. Qf5+ Kh8 40. Qxe4) 38... Re2 $11 39. Qf5+ Kg8 $2 (39... g6 $1 $11 {and Black is okay.} 40. Qxf7+ Kh8) 40. Qh3 $1 $18 ({And not} 40. Qc8+ Kh7 $11) 40... Qxf2+ 41. Kh1 Re1 $2 {[#]} (41... d5 {might work better.} 42. Bxd5 Re1) 42. Bb5 $2 (42. Qg2 $1 $18 {[%cal Rg2f2]} Qe3 43. b7 Qxb3 44. Kh2) 42... Qxf3+ $11 {[%mdl 64] Double Attack} 43. Qg2 Qh5+ {[%mdl 8192]} (43... Qxb3 $11 44. Qc6 Rb1) 44. Kg1 $18 {Threatens to win with b7.} c4 45. Bxc4 Re8 ({Of course not} 45... Qc5+ $6 46. Qf2) 46. Qd5 Qg6 (46... Qxd5 47. Bxd5 Kf8) 47. b7 Qf6 48. Qc6 Qd8 (48... Qe7 49. Qb6 Rb8) 49. Kg2 Kf8 50. Bb5 {White mates.} Re7 51. Qc8 Re8 52. Bxe8 Qa5 53. Ba4+ Ke7 54. Qd7+ Kf6 55. Qxd6+ Kg5 56. b8=Q {Weighted Error Value: White=0.43/Black=0.88} 1-0

[Event "African Online-ch U20-Open 2021"]
[Site "Online"]
[Date "2021.02.01"]
[Round "2.3"]
[White "Mhango, Banele"]
[Black "Fourie, Brandon"]
[Result "1-0"]
[WhiteElo "2117"]
[BlackElo "1583"]
[Annotator "TA"]
[PlyCount "89"]
[EventDate "2021.02.01"]
[EventType "swiss"]
[EventCountry "NET"]
[SourceTitle "playchess.com"]
[Source "ChessBase"]
[SourceQuality "1"]

{[%evp 14,89,31,29,43,16,5,0,7,8,11,0,9,0,10,-14,29,14,158,160,181,183,175,171,240,224,285,275,358,168,166,126,152,149,157,156,147,103,164,164,164,160,171,171,164,171,185,164,290,289,401,412,408,401,486,481,469,273,269,213,270,252,675,660,1022,1022,999,875,1112,1095,1064,1053,29990,29991,29992,29993,29995,29996]} 1. d4 Nf6 2. Nf3 g6 3. g3 Bg7 4. Bg2 d5 5. O-O O-O 6. c4 c6 {6...c6 is better than 6...dxc4.} 7. b3 Ne4 8. Bb2 Qb6 {D78: Fianchetto Grünfeld: 6 0-0 c6.} 9. cxd5 cxd5 10. Nc3 Nxc3 {The position is equal.} 11. Bxc3 Bf5 12. Ne5 Nc6 {[#]} 13. Nxc6 $146 ({Reject} 13. Bxd5 Bxe5 14. dxe5 Rad8 $17) ({Predecessor:} 13. Qd2 Rfd8 14. Nxc6 Qxc6 15. Rac1 Qe6 16. Ba5 b6 17. Bb4 Rac8 18. e3 h5 19. h4 Bf6 20. Rxc8 Rxc8 {½-½ (31) Goetz,A (2181)-Lujan,C (2380) Vienna 2006}) 13... bxc6 14. Qd2 Rac8 15. Rac1 Rfd8 (15... a5 $11) 16. Ba5 $16 {[%mdl 64] Skewer} Qa6 17. Bxd8 Rxd8 18. Rc5 e5 (18... Bd7 {is a better defense.} 19. Rd1 Qb7) 19. dxe5 Bxe5 20. Rfc1 Bd7 21. Qa5 (21. Bxd5 $142 Bc7 22. Bxc6) 21... Qb6 $18 22. e4 Bc7 23. Qxb6 axb6 24. R5c2 d4 25. f4 c5 (25... Bd6 $16 {was called for.}) 26. Bf1 Bd6 27. a4 Be7 28. Kf2 Be6 29. Bc4 Bg4 30. Ra2 g5 (30... Ra8 $142 31. Kg2 Bd7) 31. f5 d3 {[#] And now ...d2 would win.} 32. Rd2 $1 Be2 33. e5 g4 {intending ...Bg5.} 34. f6 Bf8 35. Rxe2 (35. Re1 $142 Rd4 36. Rexe2 (36. e6 fxe6 37. Bxe6+ Kh8 $18) 36... dxe2 37. Rxe2) 35... dxe2 {[%mdl 4096] Endgame KRB-KRB} 36. Rc2 (36. Bxe2 Re8 $16) 36... Bh6 37. Rxe2 {e6 is the strong threat.} (37. Kxe2 Re8 $16) ({Weaker is} 37. Bxe2 Rd5 $16) 37... Rd2 $2 {[#]} (37... Bg5 38. e6 Bxf6 39. exf7+ Kf8) 38. Ke1 $1 Rxe2+ 39. Kxe2 {KB-KB} ({Less strong is} 39. Bxe2 Be3 $16) 39... Bc1 40. Kd3 Bb2 41. Ke4 Bd4 42. b4 {[%cal Bb3b4,Bb4b5,Bb5b6][%mdl 32] White wants to mate with a5.} Bg1 43. b5 {White mates.} Kf8 44. a5 {[%mdl 64] Promotion} bxa5 45. b6 {Weighted Error Value: White=0.20/Black=0.71} 1-0

[Event "African Online-ch U20-Open 2021"]
[Site "Online"]
[Date "2021.02.01"]
[Round "2.4"]
[White "Mena, Martin"]
[Black "Borges Delgado, Gabriel Jose"]
[Result "1-0"]
[WhiteElo "1776"]
[BlackElo "2228"]
[Annotator "TA"]
[PlyCount "75"]
[EventDate "2021.02.01"]
[EventType "swiss"]
[EventCountry "NET"]
[SourceTitle "playchess.com"]
[Source "ChessBase"]
[SourceQuality "1"]

{[%evp 13,75,58,58,44,52,46,56,31,54,56,40,-1,32,-28,0,0,0,14,6,-12,-11,-9,24,-10,-14,-31,-31,-47,-29,-39,-29,-29,-23,-46,-44,-107,-96,-101,-89,-93,-75,-99,-88,-150,-25,-41,-41,-29985,-29986,-29986,-29987,-29987,-29988,-29987,-1283,-2473,29995,29996,29996,29997,29997,29998,29998,29999]} 1. d4 Nf6 2. Nf3 g6 3. c4 Bg7 4. Nc3 d6 5. h3 Nc6 6. d5 Nb8 7. e4 O-O 8. Be3 {E90: King's Indian: Classical: Early deviations and 6 h3.} e6 9. Bd3 Na6 10. a3 {White is slightly better.} exd5 {[#]} 11. cxd5 $146 ({Predecessor:} 11. exd5 Nc5 12. Bc2 Re8 13. O-O Nfe4 14. Nxe4 Nxe4 15. Bd4 Ng5 16. Bxg7 Kxg7 17. Qd4+ {½-½ (83) Garcia Cardenas,P (2444)-Pavlidis,A (2552) Batumi 2018}) 11... Nc5 12. Bc2 Re8 {[%cal Rf6e4]} 13. Nd2 {[#]} (13. e5 $14 Nfd7 14. exd6) 13... Ncxe4 $1 14. Bxe4 Nxe4 15. Ndxe4 {Strongly threatening 0-0.} ({Much worse is} 15. Ncxe4 f5 $17) 15... f5 $1 16. Nxd6 Qxd6 17. O-O f4 18. Bd2 Bf5 19. Qf3 g5 $36 {[%mdl 2048] White is under pressure.} 20. Rfe1 a6 21. h4 h6 22. hxg5 hxg5 23. g3 Qg6 24. g4 (24. Rac1 $15) 24... Bd3 25. Re6 Rxe6 26. dxe6 c6 27. Re1 Re8 28. Na4 (28. e7 $142) 28... Bc4 (28... Bc2 $17 29. Nc5 b6 30. Nxa6 Rxe6) 29. e7 $1 $11 Bd5 30. Qe2 {[%mdl 8192]} (30. Qh3 $15) 30... Qh6 {[%csl Gd5][%cal Rh6h1]} 31. f3 Bd4+ 32. Kg2 Qh4 33. Rh1 Qg3+ (33... Qxg4+ $142 34. Kf1 Bxf3 {[%mdl 64] Double Attack} 35. Qh2 Bxh1 36. Nc3 Qf3+ 37. Ke1 Rxe7+ 38. Qe2 Rxe2+ 39. Nxe2 Bf2+ 40. Kd1 Qb3+ 41. Kc1 Be4 42. Nd4 Bxd4 43. Be1 Qc2#) 34. Kf1 $19 {[#]} Bc4 $4 {[%mdl 8192]} 35. Qxc4+ {[%mdl 64] Double Attack. White mates.} Kg7 36. Qxd4+ Kg6 37. Qe4+ Kg7 38. Rh7+ {Never resign too early!  Weighted Error Value: White=0.44/Black=0.43} 1-0

[Event "African Online-ch U20-Open 2021"]
[Site "Online"]
[Date "2021.02.01"]
[Round "2.5"]
[White "Khumalo, Keith"]
[Black "Joao Farisse"]
[Result "0-1"]
[WhiteElo "2142"]
[BlackElo "1574"]
[Annotator "TA"]
[PlyCount "114"]
[EventDate "2021.02.01"]
[EventType "swiss"]
[EventCountry "NET"]
[SourceTitle "playchess.com"]
[Source "ChessBase"]
[SourceQuality "1"]

{[%evp 24,114,114,95,172,166,166,159,164,176,254,262,233,256,304,243,231,152,138,130,135,125,118,123,118,113,147,155,139,143,155,155,230,206,203,98,98,99,107,112,135,131,134,122,323,315,329,335,337,331,594,564,703,704,811,844,839,920,866,741,1764,1611,1747,1458,29965,29956,6605,6103,29979,29980,29974,29975,29974,29976,29976,29977,29983,29984,29984,29985,29986,29985,29988,29989,29994,29994,29995,-29981,-29982,-29983,-29984,-29984,-29982]} 1. d4 Nf6 2. c4 e6 3. Nf3 b6 4. g3 Bb7 5. Bg2 Be7 6. O-O O-O 7. Nc3 d5 8. Ne5 Nbd7 9. Qa4 Nxe5 10. dxe5 Nd7 11. cxd5 exd5 12. Nxd5 Nc5 13. Qd1 {[#]} Kh8 $146 {E18: Queen's Indian: Old Main Line (4 g3 Bb7 5 Bg2 Be7 6 0-0 0-0 7 Nc3).} (13... Qd7 $16) ({Predecessor:} 13... c6 14. Nxe7+ Qxe7 15. Qd6 Qxd6 16. exd6 Ba6 17. Be3 Rad8 18. Bxc5 bxc5 19. Rfd1 Bxe2 20. Rd2 Rfe8 21. d7 {1-0 (47) Boruchovsky,A (2524)-Bagrationi,A (2491) Israel 2020}) 14. Be3 Rb8 15. Rc1 Ne6 {White is clearly better.} 16. f4 Bc5 (16... c5 {keeps fighting.} 17. Qb3 Nd4 18. Bxd4 cxd4 19. Nxe7 Qxe7 20. Bxb7 Rxb7) 17. Bxc5 $18 Nxc5 18. b4 {[%cal Bb2b4,Bb4b5][%mdl 32]} Na6 19. a3 c5 20. b5 Nc7 {[%cal Rb7d5]} 21. Nxc7 Qxc7 22. Qb3 Bxg2 23. Kxg2 Rbd8 24. Rfd1 Qb7+ 25. Qf3 Qe7 26. Qc6 h6 27. e4 c4 (27... Rfe8 $16 28. Rd5 Rc8) 28. Rd6 (28. Qxc4 Qxa3 29. Qe2 Kh7) 28... f6 29. Qd5 ({Much less strong is} 29. Qxc4 $6 fxe5 30. Rxd8 Qxd8 $16) (29. Rxd8 $18 {has better winning chances.} Qxd8 30. Qd6 (30. Qxc4 fxe5 31. f5 Qd2+ 32. Kh3 Rd8 $16) (30. Rxc4 Qd2+ 31. Kh3 Qd1 $14)) 29... fxe5 $16 30. fxe5 Rde8 31. Rxc4 Qxe5 32. Qxe5 Rxe5 {[%mdl 4096] Endgame KRR-KRR} 33. Rd5 Rfe8 {[#]} (33... Re7 $16 34. Rcd4 Kg8) 34. Rxe5 $1 $18 Rxe5 {KR-KR} 35. a4 Kh7 36. Kf3 h5 $2 (36... Rh5 {was necessary.} 37. Rc7 Rxh2 38. Rxa7 Ra2) 37. Kf4 Re6 38. e5 Re7 39. Ke4 Kg6 40. Kd5 Rd7+ 41. Ke6 Rd8 42. Ke7 Rd5 43. e6 Re5 44. Kd6 Re2 45. e7 Rd2+ 46. Ke6 Re2+ 47. Kd7 Rd2+ 48. Ke8 Rxh2 49. Kf8 Rf2+ 50. Rf4 Re2 51. e8=Q+ Rxe8+ 52. Kxe8 {KR-KP} Kh6 53. Kf7 g5 54. Rf6+ Kh7 55. Rh6+ $4 {[%mdl 8192] [#]} Kxh6 {Black mates.} 56. Kf6 h4 57. gxh4 g4 {Weighted Error Value: White=0.29/Black=0.73} 0-1

[Event "African Online-ch U20-Open 2021"]
[Site "Online"]
[Date "2021.02.01"]
[Round "2.6"]
[White "Junior, Domingos"]
[Black "Dutt Dakshesh"]
[Result "1-0"]
[WhiteElo "1894"]
[BlackElo "1549"]
[Annotator "NA RC"]
[PlyCount "77"]
[EventDate "2021.02.01"]
[EventType "swiss"]
[EventCountry "NET"]
[SourceTitle "playchess.com"]
[Source "ChessBase"]
[SourceQuality "1"]
[TimeControl "1500+10"]

1. e4 {[%emt 0:00:00]} e5 {[%emt 0:00:08]} 2. Nf3 {[%emt 0:00:04]} Nc6 {[%emt 0:00:04]} 3. Bc4 {[%emt 0:00:03]} Bc5 {[%emt 0:00:06]} 4. O-O {[%emt 0:00:07]} Nf6 {[%emt 0:00:30]} 5. d4 {[%emt 0:00:04]} exd4 {[%emt 0:00:07]} 6. e5 {[%emt 0:00:04]} d5 {[%emt 0:00:16]} 7. exf6 {[%emt 0:00:03]} dxc4 {[%emt 0:00:02]} 8. Re1+ {[%emt 0:00:07]} Be6 {[%emt 0:00:03]} 9. fxg7 {[%emt 0:00:59]} Rg8 {[%emt 0:00:21]} 10. Bg5 {[%emt 0:00:03]} Qd6 {[%emt 0:02:56]} 11. Nbd2 {[%emt 0:00:07]} Kd7 {[%emt 0:01:36]} 12. Ne4 {[%emt 0:00:09]} Rxg7 {[%emt 0:01:44]} 13. Nxd6 {[%emt 0:00:08]} cxd6 {[%emt 0:00:08]} 14. Bf6 {[%emt 0:00:12]} Rg6 {[%emt 0:00:05]} 15. Bxd4 {[%emt 0:00:05]} Rag8 {[%emt 0:00:10]} 16. Bxc5 {[%emt 0:00:21]} Rxg2+ {[%emt 0:00:10]} 17. Kh1 {[%emt 0:00:04]} d5 {[%emt 0:00:10]} 18. Rg1 {[%emt 0:00:07]} Rxg1+ {[%emt 0:00:05]} 19. Qxg1 {[%emt 0:00:06]} Rxg1+ {[%emt 0:00:05]} 20. Rxg1 {[%emt 0:00:05]} b6 {[%emt 0:00:02]} 21. Bd4 {[%emt 0:00:03]} h5 {[%emt 0:00:15]} 22. Ne5+ {[%emt 0:00:06]} Nxe5 {[%emt 0:00:07]} 23. Bxe5 {[%emt 0:00:04]} Bg4 {[%emt 0:00:03]} 24. Rxg4 {[%emt 0:00:09]} hxg4 {[%emt 0:00:04]} 25. Kg2 {[%emt 0:00:03]} f5 {[%emt 0:00:04]} 26. f3 {[%emt 0:00:05]} gxf3+ {[%emt 0:00:05]} 27. Kxf3 {[%emt 0:00:03]} Ke6 {[%emt 0:00:06]} 28. Kf4 {[%emt 0:00:03]} b5 {[%emt 0:00:04]} 29. h4 {[%emt 0:00:08]} a5 {[%emt 0:00:03]} 30. h5 {[%emt 0:00:02]} Kf7 {[%emt 0:00:05]} 31. Kxf5 {[%emt 0:00:04]} b4 {[%emt 0:00:02]} 32. h6 {[%emt 0:00:02]} Kg8 {[%emt 0:00:10]} 33. Kg6 {[%emt 0:00:03]} c3 {[%emt 0:00:03]} 34. h7+ {[%emt 0:00:04]} Kf8 {[%emt 0:00:03]} 35. h8=Q+ {[%emt 0:00:04]} Ke7 {[%emt 0:00:02]} 36. Qf6+ {[%emt 0:00:02]} Kd7 {[%emt 0:00:02]} 37. Qd6+ {[%emt 0:00:02]} Ke8 {[%emt 0:00:04]} 38. Kf6 {[%emt 0:00:02]} b3 {[%emt 0:00:10]} 39. Qe7# {[%emt 0:00:03]} 1-0

[Event "African Online-ch U20-Open 2021"]
[Site "Online"]
[Date "2021.02.01"]
[Round "2.7"]
[White "Mohamed Aly, Karim"]
[Black "Vasco Mateus Felizardo Viageir"]
[Result "0-1"]
[WhiteElo "1585"]
[BlackElo "1862"]
[Annotator "NA RC"]
[PlyCount "118"]
[EventDate "2021.02.01"]
[EventType "swiss"]
[EventCountry "NET"]
[SourceTitle "playchess.com"]
[Source "ChessBase"]
[SourceQuality "1"]
[TimeControl "1500+10"]

1. d4 {[%emt 0:01:22]} Nf6 {[%emt 0:00:06]} 2. c4 {[%emt 0:00:03]} e6 {[%emt 0:00:07]} 3. Nf3 {[%emt 0:00:02]} Bb4+ {[%emt 0:00:16]} 4. Nc3 {[%emt 0:00:05]} O-O {[%emt 0:00:07]} 5. Bg5 {[%emt 0:00:02]} h6 {[%emt 0:00:06]} 6. Bh4 {[%emt 0:00:05]} d5 {[%emt 0:00:05]} 7. e3 {[%emt 0:00:03]} Nbd7 {[%emt 0:00:15]} 8. Bd3 {[%emt 0:00:05]} c6 {[%emt 0:00:09]} 9. O-O {[%emt 0:00:02]} dxc4 {[%emt 0:00:52]} 10. Bxc4 {[%emt 0:00:05]} b5 {[%emt 0:00:08]} 11. Be2 {[%emt 0:00:11]} Bb7 {[%emt 0:00:04]} 12. Qc2 {[%emt 0:00:04]} a6 {[%emt 0:00:11]} 13. Rfd1 {[%emt 0:00:18]} Qb6 {[%emt 0:00:32]} 14. a3 {[%emt 0:00:07]} Bxc3 {[%emt 0:01:07]} 15. Qxc3 {[%emt 0:00:25]} Nd5 {[%emt 0:00:10]} 16. Qc2 {[%emt 0:00:14]} c5 {[%emt 0:00:27]} 17. dxc5 {[%emt 0:00:07]} Nxc5 {[%emt 0:00:04]} 18. Rac1 {[%emt 0:00:30]} Rfc8 {[%emt 0:00:12]} 19. Qb1 {[%emt 0:00:10]} Nb3 {[%emt 0:00:33]} 20. Rxc8+ {[%emt 0:00:14]} Rxc8 {[%emt 0:00:03]} 21. Nd4 {[%emt 0:00:20]} Na5 {[%emt 0:01:50]} 22. Rc1 {[%emt 0:01:47]} Nc4 {[%emt 0:00:15]} 23. Bg3 {[%emt 0:00:28]} e5 {[%emt 0:05:57]} 24. Bxc4 {[%emt 0:00:34]} exd4 {[%emt 0:04:01]} 25. Bxd5 {[%emt 0:00:07]} Rxc1+ {[%emt 0:00:04]} 26. Qxc1 {[%emt 0:00:01]} Bxd5 {[%emt 0:00:02]} 27. Qc8+ {[%emt 0:00:03]} Kh7 {[%emt 0:00:11]} 28. Qf5+ {[%emt 0:00:02]} Qg6 {[%emt 0:00:04]} 29. Qxg6+ {[%emt 0:00:59]} Kxg6 {[%emt 0:00:03]} 30. exd4 {[%emt 0:00:03]} Kf5 {[%emt 0:00:05]} 31. f3 {[%emt 0:00:14]} Ke6 {[%emt 0:00:04]} 32. Kf2 {[%emt 0:00:03]} Bc4 {[%emt 0:00:02]} 33. Ke3 {[%emt 0:00:04]} Bf1 {[%emt 0:00:04]} 34. Kf2 {[%emt 0:00:07]} Bc4 {[%emt 0:00:02]} 35. Bf4 {[%emt 0:00:05]} Kd5 {[%emt 0:00:02]} 36. Be3 {[%emt 0:00:05]} Bd3 {[%emt 0:00:03]} 37. g3 {[%emt 0:00:05]} Kc4 {[%emt 0:00:02]} 38. Ke1 {[%emt 0:00:26]} Bf5 {[%emt 0:00:45]} 39. Kd2 {[%emt 0:00:13]} Be6 {[%emt 0:00:05]} 40. h4 {[%emt 0:00:20]} Bd5 {[%emt 0:00:03]} 41. f4 {[%emt 0:00:03]} h5 {[%emt 0:00:05]} 42. Bf2 {[%emt 0:00:20]} Be4 {[%emt 0:00:20]} 43. Kc1 {[%emt 0:00:21]} Kd3 {[%emt 0:00:05]} 44. Kd1 {[%emt 0:00:09]} Bf3+ {[%emt 0:00:03]} 45. Kc1 {[%emt 0:00:13]} Ke2 {[%emt 0:00:03]} 46. Bg1 {[%emt 0:00:04]} Kf1 {[%emt 0:00:03]} 47. Be3 {[%emt 0:00:02]} Kg2 {[%emt 0:00:02]} 48. Kd2 {[%emt 0:00:36]} Kxg3 {[%emt 0:00:04]} 49. Kc3 {[%emt 0:00:05]} Kxh4 {[%emt 0:00:05]} 50. Kb4 {[%emt 0:00:08]} Kg3 {[%emt 0:00:02]} 51. Kc5 {[%emt 0:00:07]} h4 {[%emt 0:00:01]} 52. d5 {[%emt 0:00:36]} h3 {[%emt 0:00:05]} 53. d6 {[%emt 0:00:05]} Bg4 {[%emt 0:00:02]} 54. f5 {[%emt 0:00:10]} Bxf5 {[%emt 0:00:03]} 55. Bd4 {[%emt 0:00:02]} h2 {[%emt 0:00:22]} 56. Be5+ {[%emt 0:00:02]} Kg2 {[%emt 0:00:01]} 57. Bxh2 {[%emt 0:00:02]} Kxh2 {[%emt 0:00:02]} 58. Kc6 {[%emt 0:00:01]} g5 {[%emt 0:00:01]} 59. d7 {[%emt 0:00:02]} Bxd7+ {[%emt 0:00:02]} 0-1

[Event "African Online-ch U20-Open 2021"]
[Site "Online"]
[Date "2021.02.01"]
[Round "2.8"]
[White "Mohamed Abderrahim, Taleb Mohamed"]
[Black "Palmer, Reegan"]
[Result "1-0"]
[WhiteElo "1799"]
[BlackElo "1325"]
[Annotator "NA RC"]
[PlyCount "69"]
[EventDate "2021.02.01"]
[EventType "swiss"]
[EventCountry "NET"]
[SourceTitle "playchess.com"]
[Source "ChessBase"]
[SourceQuality "1"]
[TimeControl "1500+10"]

1. e4 {[%emt 0:00:00]} e5 {[%emt 0:00:05]} 2. Nf3 {[%emt 0:00:04]} Nc6 {[%emt 0:00:03]} 3. Nc3 {[%emt 0:00:04]} d6 {[%emt 0:00:13]} 4. d4 {[%emt 0:00:05]} exd4 {[%emt 0:00:11]} 5. Nxd4 {[%emt 0:00:05]} Nf6 {[%emt 0:00:33]} 6. Be3 {[%emt 0:00:11]} Bg4 {[%emt 0:02:16]} 7. f3 {[%emt 0:00:10]} Bh5 {[%emt 0:00:04]} 8. Bb5 {[%emt 0:00:11]} Qd7 {[%emt 0:00:45]} 9. Nd5 {[%emt 0:00:48]} a6 {[%emt 0:01:21]} 10. Nxf6+ {[%emt 0:00:05]} gxf6 {[%emt 0:00:02]} 11. Ba4 {[%emt 0:00:20]} b5 {[%emt 0:01:24]} 12. Bb3 {[%emt 0:00:03]} Ne5 {[%emt 0:01:21]} 13. a4 {[%emt 0:00:54]} c5 {[%emt 0:00:47]} 14. Nf5 {[%emt 0:00:31]} c4 {[%emt 0:00:27]} 15. Ba2 {[%emt 0:00:35]} Rg8 {[%emt 0:01:09]} 16. Ng3 {[%emt 0:01:10]} Bg6 {[%emt 0:00:51]} 17. Qd5 {[%emt 0:00:13]} Qc6 {[%emt 0:00:36]} 18. Qxc6+ {[%emt 0:00:55]} Nxc6 {[%emt 0:00:02]} 19. O-O {[%emt 0:00:18]} h5 {[%emt 0:00:17]} 20. Bb1 {[%emt 0:00:35]} O-O-O {[%emt 0:00:51]} 21. axb5 {[%emt 0:00:19]} axb5 {[%emt 0:00:04]} 22. c3 {[%emt 0:00:10]} Be7 {[%emt 0:00:25]} 23. Bc2 {[%emt 0:00:39]} Kb7 {[%emt 0:00:40]} 24. Ne2 {[%emt 0:01:16]} d5 {[%emt 0:01:15]} 25. Nd4 {[%emt 0:00:41]} Bc5 {[%emt 0:00:30]} 26. exd5 {[%emt 0:02:14]} Rxd5 {[%emt 0:00:21]} 27. Be4 {[%emt 0:00:04]} Bxd4 {[%emt 0:01:52]} 28. cxd4 {[%emt 0:01:06]} Bxe4 {[%emt 0:00:29]} 29. fxe4 {[%emt 0:00:03]} Rd6 {[%emt 0:00:49]} 30. d5 {[%emt 0:00:47]} Ne5 {[%emt 0:00:55]} 31. Ra7+ {[%emt 0:00:08]} Kb8 {[%emt 0:00:35]} 32. Rfa1 {[%emt 0:00:08]} Rc8 {[%emt 0:00:07]} 33. R1a5 {[%emt 0:01:25]} b4 {[%emt 0:01:44]} 34. Rb5+ {[%emt 0:00:17]} Rb6 {[%emt 0:00:10]} 35. Bxb6 {[%emt 0:00:06]} 1-0

[Event "African Online-ch U20-Open 2021"]
[Site "Online"]
[Date "2021.02.01"]
[Round "2.9"]
[White "George Samir, David"]
[Black "Filipe, Marcio"]
[Result "0-1"]
[WhiteElo "1775"]
[BlackElo "1990"]
[Annotator "TA"]
[PlyCount "85"]
[EventDate "2021.02.01"]
[EventType "swiss"]
[EventCountry "NET"]
[SourceTitle "playchess.com"]
[Source "ChessBase"]
[SourceQuality "1"]

{[%evp 25,85,29,34,17,32,-5,20,-31,-32,-28,-28,-50,0,-21,0,-35,-13,-16,10,-75,-22,-16,-3,0,0,0,12,11,51,-18,21,-72,-52,-51,-35,-136,-158,-76,-3,-484,-473,-487,-250,-213,-127,-127,-113,-96,0,-152,-145,-209,-47,-1006,-968,-1537,-1465,-29985,-29986,-5687,-2855,-2184]} 1. e4 e5 2. Nf3 Nc6 3. Bc4 Nf6 4. d3 Be7 5. O-O O-O 6. Re1 d6 7. c3 Na5 8. Bb5 a6 9. Ba4 b5 10. Bc2 c5 11. Nbd2 Re8 12. Nf1 h6 13. d4 Qc7 14. Ng3 {C90: Closed Ruy Lopez with 7...d6: Early deviations.} Bf8 15. a4 Bd7 {[#]} 16. dxc5 $146 (16. d5 $11) ({Predecessor:} 16. d5 c4 17. h3 Nb7 18. Be3 Nc5 19. a5 g6 20. Nd2 Bg7 21. f4 exf4 22. Bxf4 {0-1 (47) Jenni,F (2439)-Georgiadis,I (2462) Switzerland 2018}) 16... dxc5 $15 17. h3 c4 18. Be3 g6 19. Qe2 Nb7 20. Red1 Nc5 {[%cal Rc5a4]} 21. axb5 axb5 22. h4 (22. Rxa8 $11 Rxa8 23. Qd2) 22... Ng4 (22... Bg4 $17) 23. h5 $11 Ne6 24. hxg6 fxg6 25. Nf1 Nf4 26. Bxf4 exf4 27. Nd4 (27. Rxa8 $14 Rxa8 28. N1h2) 27... Ne5 28. Nd2 (28. Rxa8 $11 Rxa8 29. Qd2) 28... Bc5 29. N2f3 Bg4 30. b3 (30. Nxb5 $15 Bxf3 31. Nxc7 Bxe2 32. Rxa8 Rxa8 33. Nxa8 Bxd1 34. Bxd1) 30... Rxa1 $17 31. Rxa1 b4 (31... Rd8 $17 32. bxc4 Bxd4 33. cxd4 Rxd4 $1) 32. Nb5 $2 {[%mdl 8192]} (32. Qf1 $1 $11) 32... Qe7 $19 33. cxb4 Bxf3 (33... Bb6 $142 {And now ...Nxf3+ would win.} 34. Rd1 (34. bxc4 $2 Nxf3+ 35. Qxf3 Bxf3 $19) 34... Nxf3+ 35. gxf3 Bh3 36. Qxc4+ Kh7) 34. gxf3 Qg5+ (34... Bxb4 $19 {Hoping for ...Qd7.} 35. bxc4 h5) 35. Kf1 $17 {[#]} Qh5 $1 {[%cal Rh5h1]} 36. Kg2 Qg5+ ({Black should try} 36... Bxb4 37. Nc7 Qg5+ 38. Kf1 Qh5 $1) 37. Kf1 Bxb4 38. bxc4 (38. Nc7 $17 Rd8 39. Rd1 (39. Ne6 $2 Qh5 $19)) 38... h5 $2 $40 {[%mdl 128] Black has some attack.} (38... Re7 $19 39. Rb1 {[#]} Qh5 $1) 39. Ra4 $2 {[%mdl 8192] [#]} (39. c5 $15) 39... h4 $1 $19 {Threatens to win with ...h3.} 40. Rxb4 (40. Qd1 Rd8) 40... h3 {Strongly threatening ...h2.} 41. Rb1 h2 {[%cal Rh2h1]} 42. Ke1 h1=Q+ {[%mdl 64] Double Attack} 43. Kd2 {Weighted Error Value: White=1.15/Black=0.58} 0-1